| 000 | 00696nam a2200241Ia 4500 | ||
|---|---|---|---|
| 003 | OSt | ||
| 005 | 20220926013053.0 | ||
| 006 | a|||||r|||| 00| 0 | ||
| 007 | ta | ||
| 008 | 220923b |||||||| |||| 00| 0 eng d | ||
| 037 | _cGeneral Book | ||
| 040 |
_aRTL _cRTL _beng |
||
| 041 |
_2eng _aeng |
||
| 082 | _aY:393.1.N7, L4 | ||
| 100 |
_aHarms L S _9317803 |
||
| 245 | 0 |
_aHuman communication _b The new fundamentals |
|
| 260 |
_aNew York _bHarper and Row _c1974 |
||
| 300 |
_axiv, 384p+ work sheets _ccm. |
||
| 500 | _aBibliography P 379-384 | ||
| 650 |
_aSocial Communication _9230136 |
||
| 942 |
_hY:393.1.N7, L4 _cGB _2CC |
||
| 999 |
_c625134 _d625134 |
||